Introducción a la electricidad y a la electrónica : (Record no. 20409)

000 -CABECERA
fixed length control field 00965nam a22002297a 4500
003 - IDENTIFICADOR DEL NÚMERO DE CONTROL
control field AR-CdUCM
008 - DATOS DE LONGITUD FIJA--INFORMACIÓN GENERAL
fixed length control field 190528b ||||| |||| 00| 0 spa d
040 ## - FUENTE DE LA CATALOGACIÓN
Agencia/entidad que catalogó originalmente la obra MUNICIPALIDAD PROVINCIAL DEL CUSCO
Entidad que transcribió la catalogación BIBLIOTECA MUNICIPAL DEL CUSCO
082 ## - NÚMERO DE LA CLASIFICACIÓN DECIMAL DEWEY
No. de Clasificación 621.381 /
Notacion interna L85
100 ## - ENTRADA PRINCIPAL--NOMBRE DE PERSONA
Nombre Personal Loper, Orla E.
245 ## - MENCIÓN DE TÍTULO
Título Introducción a la electricidad y a la electrónica :
Resto del título Manual de investigación y desarrollo /
260 ## - PUBLICACIÓN, DISTRIBUCIÓN, ETC.
Lugar de publicación, distribución, etc. México :
Nombre de la editorial, distribuidor, etc. Diana,
Fecha de publicación, distribución, etc. 1972.
300 ## - DESCRIPCIÓN FÍSICA
Nº de Páginas Extensión 225 páginas ;
Otros detalles físicos Ilustraciones, diagramas,
Dimensiones 26 cm.
440 ## - MENCIÓN DE SERIE/PUNTO DE ACCESO ADICIONAL--TÍTULO
Título Manuales Delmar de electricidad y electrónica
9 (RLIN) 42678
505 ## - NOTA DE CONTENIDO CON FORMATO
Nota de contenido formateada Contenido : Experimentos y proyectos sobre el comportamiento de los electrones -- Sobre el control de movimiento -- Sobre circuitos eléctricos...
650 ## - PUNTO DE ACCESO ADICIONAL DE MATERIA--TÉRMINO DE MATERIA
Descriptor Electrónica
9 (RLIN) 20355
650 ## - PUNTO DE ACCESO ADICIONAL DE MATERIA--TÉRMINO DE MATERIA
Descriptor Manuales de laboratorio
9 (RLIN) 22558
700 ## - PUNTO DE ACCESO ADICIONAL--NOMBRE DE PERSONA
Nombre Personal Ahr, Arthur F.
9 (RLIN) 42679
942 ## - ELEMENTOS DE PUNTO DE ACCESO ADICIONAL (KOHA)
Fuente de clasificación
Tipo de item Libros-BMC
945 ## - PROCESAMIENTO DE INFORMACIÓN LOCAL (OCLC)
Catalogador rcc
Holdings
Estado de retiro (separado) Fuente de clasificación o esquema de estanterías Estado dañado Ubicación Sala donde se ubica Nombre de la colección Fecha de adquisición o compra Costo, precio normal en soles Signatura topográfica Código de Barras Última vez visto (Koha) Tipo de ítem (Koha)
No     Sala Ciencias Sala Ciencias Book Cart 2019-05-30 25.00 621.381 / L85 SC0000002012 2019-05-30 Libros-BMC

Powered by Koha